Los mensajes publicitarios: ¿por qué compra lo que compra? Teoría de la comunicación persuasiva
Gespeichert in:
| 1. Verfasser: | |
|---|---|
| Format: | Buch |
| Sprache: | Spanisch |
| Veröffentlicht: |
Buenos Aires
IPPEM
1984
|
| Ausgabe: | 1a. ed |
| Schlagworte: | |
| Tags: |
Tag hinzufügen
Keine Tags, Fügen Sie den ersten Tag hinzu!
|
MARC
| LEADER | 00000cam a2200000 a 4500 | ||
|---|---|---|---|
| 001 | UCD6840 | ||
| 003 | CL-VaPUC | ||
| 008 | 170226e19840000ag |||||||||||||||||spa|d | ||
| 082 | 0 | 4 | |a 302.2 |b KOR |2 21 |
| 100 | 0 | |a Kornreich, Eduardo |e author |9 590681 | |
| 245 | 1 | 4 | |a Los mensajes publicitarios: ¿por qué compra lo que compra? Teoría de la comunicación persuasiva |
| 250 | |a 1a. ed | ||
| 300 | |a 127 p | ||
| 942 | |c BK | ||
| 945 | |d 20170226 00:48:00 |a dcastane | ||
| 260 | |a Buenos Aires |b IPPEM |c 1984 | ||
| 650 | 0 | |a Medios de comunicación de masas |9 257273 | |
| 650 | 0 | |a Publicidad |9 314572 | |
| 650 | 7 | |a TEORIA LINGUISTICA |2 CL-VaPUC |9 334835 | |
| 583 | |a last modification |c 20170226 00:48:00 |k Rodrigo Vera | ||
| 999 | |c 367017 |d 367015 | ||
| 952 | |0 0 |1 0 |3 erb |4 0 |6 302_200000000000000_KOR_1984 |7 0 |8 A |9 481696 |a BIBENE |b BIBENE |i 532789K |o 302.2 KOR 1984 |p 532789K |r 2025-01-15 |w 2019-11-24 |y BK |z Catalogado en:20170226 |k ICO | ||